000 00474nam a2200193Ia 4500
003 GCL
008 140319s9999 xx 000 0 eng d
040 _aGCL /
_cGCL
082 0 4 _a632.774
_bA F
100 1 _aALUJA, PABLO
245 1 0 _aFRUIT FLIES: BIOLOGY AND MANGEMENT /
_cALUJA, PABLO
260 _a[S.N] :
_bSPRINGER - VERLAG ،
_c1990
300 _a492 PP
650 0 4 _aCONGRESSES
650 0 4 _aCONTROL
650 0 4 _aFRUIT
650 0 4 _aFLIES
942 _2ddc
_cBK
999 _c22844
_d22844